000 03341cam a22006254i 4500
001 u52500
003 PE-LiUPU
005 20250731180152.0
008 150706s2006 mx a ri 000 0 spa d
020 _a9789701056103
035 _a(Sirsi) i9789701056103
040 _aPE-LiUPU
_bspa
_cPE-LiUPU
_erda
041 1 _aspa
_heng
049 _aPRUA
082 0 4 _a547
_bC26
_221
100 1 _aCarey, Francis A.,
_eautor.
245 1 0 _aQuímica orgánica /
_cFrancis A. Carey.
250 _aSexta edición.
264 1 _aMéxico :
_bMcGraw-Hill Interamericana,
_c2006.
300 _axxxv, 1245 páginas, páginación variada :
_bilustraciones ;
_c27 cm
336 _atext
_2rdacontent
337 _aunmediated
_2rdamedia
338 _avolume
_2rdacarrier
504 _aÍndice : páginas I1-I29.
505 0 _aLa estructura determina las propiedades -- Estructura de hidrocarburos. Alcanos -- Conformaciones de alcanos y cicloalcanos -- Alcoholes y halogenuros de alquilo -- Estructura y preparación de alquenos: reacciones de eliminación -- Reacciones de los alquenos: reacciones de adición -- Estereoquímica -- Sustitución nucleofílica -- Alquinos -- Conjugación en alcadienos y sistemas alílicos -- Arenos y aromaticiadad -- Reacciones de arenos: sustitución electrofílica aromática -- Espectroscopia -- Compuestos organometálicos -- Alcoholes, dioles y tioles -- Éteres, Epóxidos y sulfuros -- Aldehídos y cetonas: adición nucleofílica al grupo carbonilo -- Enoles y enolatos -- Ácidos carboxílicos -- Derivados de los ácidos carboxílicos: sustitución nucleofílica en el acilo -- Enolatos de Éster -- Aminas -- Halogenuros de arilo -- Fenoles -- Carbohidratos -- Lípidos -- Aminoácidos, péptidos y proteínas -- Nucleósidos, nucleótidos y ácidos nucleicos -- Polímeros sintéticos.
526 _aSEG44
526 _aSEG26
526 _aP159
526 _aP155
526 _aP154
526 _aP153
526 _aP150
526 _aP100
526 _aP31
526 _aP30
526 _aP26
526 _aP25
526 _aP24
526 _aP22
526 _aP15
526 _aP10
534 _pTítulo original :
_tOrganic chemistry.
541 _g015-001551;
596 _a1 2
650 0 4 _aQuímica orgánica.
_92142
700 1 _aVelázquez Arellano, Jorge Alberto,
_etraductor.
910 _clch
_d20130617
942 _2ddc
_cBOOK
994 _aC0
_bPEPRU
949 _a547 C18
_wDEWEY
_c1
_iFT02381
_lCCODEBUT1
_mBUT
_p60.00
_r0
_sY
_tBOOK
_u2016-2-22
_xINGENIERIA
_PP24
_0COMPRA
_o.CIRCNOTE. Este documento es muy costoso
_o.STAFF. Colección General
949 _a547 C26
_wDEWEY
_c1
_i67479
_d2018-1-15
_e2016-10-11
_f2018-2-8
_g4
_lFIA2
_mBUL
_n7
_p62.00
_q1
_r0
_sY
_tBOOK
_u2015-7-6
_xINGENIERIA
_PP24
_0COMPRA
_o.STAFF. Colección General
999 _a547 C26
_wDEWEY
_c55117
_i67479
_d55117
_e2019-9-29
_f2021-11-5
_g7
_lCCODEBUL1
_mBUL
_n12
_p62.00
_q9
_r0
_sN
_tBOOK
_u2015-7-6
_xBIBLIOTECA
_PP24
_0COMPRA
_o.STAFF. Colección General
999 _a547 C18
_wDEWEY
_c1
_iFT02381
_f2019-2-20
_g1
_lCCODEBUT1
_mBUT
_p60.00
_r0
_sY
_tBOOK
_u2016-2-22
_xINGENIERIA
_PP24
_0COMPRA
_o.CIRCNOTE. Este documento es muy costoso
_o.STAFF. Colección General
980 _81
_gALBERTO SANCHEZ Responsable de Automatización